000 00685nmm a2200253 a 4500
003 AR-BaBNM
005 20251128202805.0
008 127019s1969 ||||||||||||||000 | spa||
040 _cAR-BaBNM
100 1 _aCelesia, Ernesto Hipólito
245 1 0 _aRosas aportes para su historia
_n1
250 _a1ª ed.
260 _aBuenos Aires
_bGoncourt
_c1969
300 0 _a657 p.
_bláms.
500 0 _aIndice alfabético p. 643-651
504 _aContiene bibliografía p. 641-642
600 _aRosas, Juan Manuel de
_d1793-1877
650 4 _aROSAS Y SU TIEMPO
650 4 _aPACTO FEDERAL
650 4 _aMAZORCA
650 4 _aCAMPANA DEL DESIERTO
942 _cBK
998 _cmariana
999 _c588
_d588